000 01206nam a2200325 i 4500
003 DO-SdBNP
005 20250521111223.0
007 ta
008 250521b1971 cu ||||| |||| 00| 0 spa d
010 _a74213404
040 _aDO-SdBNP
_bspa
_cBNPHU
_erda
082 4 _aCu923.57293
_bG633c
_222
100 1 _aGómez, Máximo,
_d1836-1905
_eautor
_4aut.
_912249
245 1 0 _aMáximo Gomez :
_bcartas a Francisco Carrillo /
_ccompilación, introducción y notas por, Hortensia Pichardo ; edición, Ricardo Stusser.
264 1 _aLa Habana, Cuba :
_bEditorial de Ciencias Sociales;
_bInstituto Cubano del libro,
_c1971.
300 _a330 páginas :
_bilustraciones ;
_c23 cm.
336 _atexto
_btxt
_2rdacontent
337 _asin mediación
_bn
_2rdamedia
338 _avolumen
_bnc
_2rdacarrier
490 _aColección Centenario
590 _aInventariado, 2025/BT
600 1 0 _aGómez, Máximo,
_d1836-1905
_912249
600 4 _aCarrillo, Francisco
_d1851-1926.
_914763
700 1 _aPichardo, Hortensia,
_ecompilador
_4comp.
_914765
700 1 _aCarrillo, Francisco
_d1851-1926.
_914763
700 1 _aStusser, Ricardo,
_eeditor
_4ed.
_914766
830 _914767
910 _aBtavárez
942 _2ddc
_cLBS1
999 _c59076
_d59076